000 00815nam a2200289Ia 4500
001 Para_6232
003 CHAP
008 220125s1978 xx 000 0 und d
010 _a204975
040 _cCHAP
090 _aPA FOLLETO 332
100 _aLeón, Carlos de
_966216
245 _aMaize diseases :
_b a guide for field identification /
_c by Carlos de León
250 _a2
260 _aMéxico :
_b CIMMYT
300 _a93 p.
440 _aInformación bulletin; 11
_9170916
650 _aMaíz
_x enfermedades
_970939
710 _aCentro Internacional para el Mejoramiento de Maíz y Trigo
_9170917
901 _aPA FOLLETO 332
902 _aA
905 _a0000001978 a 0000000000 00
910 _a1978
942 _cPARA
942 _cPARA
_d1
999 _c204975
_d204975